| 000 | 00715nam a22002297a 4500 | ||
|---|---|---|---|
| 005 | 20250211110824.0 | ||
| 008 | 250211b |||||||| |||| 00| 0 eng d | ||
| 020 | _a978-0-19-020434-1 (pbk) | ||
| 037 | _cTB | ||
| 040 |
_aCRL _cCRl |
||
| 041 |
_2eng _aeng |
||
| 084 |
_aR694 Q5 _qCRL |
||
| 100 | _aGarfield, Jay L. | ||
| 245 |
_aEngaging buddhism: _bWhy is matters to philosophy |
||
| 260 |
_aNew York, USA: _bOxford University Press, _c2015 |
||
| 300 | _axix,376p. | ||
| 365 |
_b4300 _cINR |
||
| 650 | _aPhilosophy | ||
| 650 | _aBuddhism | ||
| 942 |
_2CC _cTB _hR694 Q5 _n0 |
||
| 999 |
_c1238392 _d1238392 |
||